[Event "SV "GlÃ¼ck auf" RÃ¼dersdorf-Elmshorner SC von 1896"]
[Site "Binz"]
[Date "2024.09.08"]
[Round "5.3"]
[White "Hirtzel, Amelie Meiyan"]
[Black "NÃ¼tzel, Marie"]
[Result "1-0"]
[WhiteElo "882"]
[BlackElo "715"]
[Time "08:00:00"]
[Board "3"]
[WhiteTeam "Elmshorner SC von 1896"]
[BlackTeam "SV "]
[Annotator "Rnd./Pair./Board: 05.007.03"]

1.d4 d5 2.Nf3 Nc6 3.Bf4 Nf6 4.e3 Bg4 5.Be2 e6 6.O-O Bb4 7.a3 Ba5 8.b4 Bb6 
9.h3 Bh5 10.c4 dxc4 11.Bxc4 Qd7 12.Nc3 O-O-O 13.Qa4 Qe7 14.Rfd1 Nd7 15.Be2
Qf6 16.Bg5 Qg6 17.Bxd8 Rxd8 18.Rac1 Re8 19.Kf1 f5 20.d5 exd5 21.Nxd5 Bxe3 
22.Nxe3 f4 23.Nd5 Qe4 24.Rc4 Qxe2+ 25.Kg1 Qxc4 26.g4 Bg6 27.Kg2 Bc2 28.
Qxc2 Qxc2 29.Rd2 Qa4 30.Rd3 Qb5 31.Rd2 Re6 32.Ng5 Re1 33.Nxf4 h6 34.Nf3 
Re4 35.Nd3 Qa4 36.Nc5 Nxc5 37.bxc5 Qxa3 38.Kg3 Qxc5 39.h4 Qc3 40.Rd1 Qc2 
41.Rd2 Qc3 42.h5 g6 43.hxg6 Ne7 44.g7 Qxg7 45.Ra2 Kb8 46.Rd2 Ng6 47.Rd8# 
1-0

[Event "SV "GlÃ¼ck auf" RÃ¼dersdorf-Elmshorner SC von 1896"]
[Site "Binz"]
[Date "2024.09.08"]
[Round "5.4"]
[White "KrÃ¼ger, Anna"]
[Black "Jafari, Morssal"]
[Result "0-1"]
[WhiteElo "600"]
[BlackElo "780"]
[Time "08:00:00"]
[Board "4"]
[WhiteTeam "SV "]
[BlackTeam "Elmshorner SC von 1896"]
[Annotator "Rnd./Pair./Board: 05.007.04"]

1.d4 d5 2.Nf3 Nf6 3.Bf4 Bf5 4.e3 e6 5.Bd3 Bxd3 6.cxd3 Bd6 7.Bg3 Bxg3 8.
hxg3 O-O 9.Nc3 Qe7 10.O-O c5 11.dxc5 Nc6 12.e4 Qxc5 13.e5 Nd7 14.Ng5 h6 
15.Nf3 Ndxe5 16.Qe2 Nxf3+ 17.Qxf3 Nd4 18.Qd1 Rac8 19.Na4 Qc2 20.Qe1 Qxa4 
21.Qe5 Nc2 22.Rac1 Qxa2 23.Qh5 Qxb2 24.Rcd1 Nd4 25.Rde1 Rfe8 26.Re5 Qd2 
27.Qg4 Qxd3 28.Rb1 f6 29.Ree1 Qf5 30.Qd1 Qc2 31.Qxc2 Nxc2 32.Rec1 Na3 33.
Ra1 Nb5 34.Rcb1 a6 35.Rd1 Rc2 36.Rd3 Rec8 37.Rf3 Rc1+ 38.Rxc1 Rxc1+ 39.Kh2
g5 40.Rxf6 Re1 41.Rg6+ Kh7 42.Rf6 a5 43.Rf8 Nd6 44.Ra8 Nf7 45.Rxa5 Ne5 46.
Rb5 Re2 47.Rxb7+ Kg6 48.Rb6 Nc4 49.Rb8 Rxf2 50.Rg8+ Kh5 51.Re8 g4 52.Kg1 
Rc2 53.Rxe6 d4 54.Rd6 Rd2 55.Rd5+ Kg6 56.Kh2 Rd1 57.Rd7 d3 58.Rd8 d2 59.
Rd3 Re1 60.Rd4 d1=Q 61.Rxc4 Rh1# 0-1